00518 a2200181 450000100060000002000150000604000240002110000290004524000370007424500320011130000070014336200070015044000230015765000310018094200070021195201010021899900170031969790 a8576350556 cAnchieta - Itaigara aGóes, Lúcia Pimentel10aQuem faz os dias da semana?lpor10aQuem faz os dias da semana? a310 a20 1aLarousse do Brasil 4aLiteratura infanto-juvenil cBK 00104070a88.1b88.1d2023-11-21l0o028.5 QUEp2517/ITAr2023-11-21 20:04:30w2023-11-21yBK c69790d69790